00236nam a2200097Ia 4500008004100000245004500041260002200086440000600108942000700114999001700121140130s9999 xx 000 0 und d cSchreiber, AnneaDid you see that rabbit bScholastic,c1998 v1 cBK c42043d42043